000 00436 a2200157 4500
003 OSt
005 20230905125108.0
008 230905b |||||||| |||| 00| 0 eng d
020 _a9780199472550
040 _coclc
082 _a370
_bOXF/P
245 _aPANORAMA A COURSE ON READING /
260 _aNew Delhi:
_bOxford university press,
_c2016.
300 _a51 p
942 _2ddc
_cBK
_h370
_iOXF/P
_k370
_mOXF/P
999 _c42118
_d42118